AH International Schools' Libraries

(KHMER) Meow said the mouse / (Record no. 50142)

MARC details
000 -LEADER
fixed length control field 00299nam a2200109 4500
020 ## - INTERNATIONAL STANDARD BOOK NUMBER
International Standard Book Number 9789995083724
100 ## - MAIN ENTRY--PERSONAL NAME
Personal name Beatrice Barbey
9 (RLIN) 87171
245 ## - TITLE STATEMENT
Title (KHMER) Meow said the mouse /
Statement of responsibility, etc Beatrice Barbey
260 ## - PUBLICATION, DISTRIBUTION, ETC. (IMPRINT)
Place of publication, distribution, etc Cambodia
Name of publisher, distributor, etc Open Book
Date of publication, distribution, etc 2006
300 ## - PHYSICAL DESCRIPTION
Extent unpaged.
Other physical details col. ill.
Dimensions 23 cm.
942 ## - ADDED ENTRY ELEMENTS (KOHA)
Source of classification or shelving scheme
Koha item type Book
Holdings
Withdrawn status Lost status Source of classification or shelving scheme Damaged status Not for loan Collection code Home library Current library Shelving location Date acquired Total Checkouts Full call number Barcode Date last seen Price effective from Koha item type
          Siem Riep Asian Hope Siem Reap Asian Hope Siem Reap SECONDARY 02/03/2026   KHMER E BAR 209867 02/03/2026 02/03/2026 Book

For any Logos Library related questions please contact Miss Art at swongnarasuk@asianhope.org.

For any Asian Hope Library related questions please contact Miss Raza at graza@asianhope.org.

Powered by Koha